000 00465nam a2200157Ia 4500
008 150223s9999 xx 000 0 und d
020 _a136128246
050 _aG1021
_b.V489 2005
100 _aVeregin, Howard.
245 _aGoode's world atlas /
_cHoward Veregin.
250 _a21st
260 _bRand McNally & Company,
_c2005
300 _a371 pages :
_bColored, Illustration ;
_c28 cm.
504 _aIncludes glossary and Index.
650 _aWorld
_xGeography
999 _c283338
_d283338